Women on the Nile : writings of Harriet Martineau, Florence Nightingale and Amelia Edwards /

Saved in:

Main Author: Rees, Joan, 1923- (Author)

Format: Book

Language: English

Published: London: Rubicon Press, c2008.

Subjects:

Tags: Add Tag

No Tags, Be the first to tag this record!

Call Number: DT54 .R44 2008

LEADER 00993nam a2200265Ia 4500
003 OSt
005 20260326131131.0
008 211223t20081995enka b 001 0ceng d
020 |a 9780948695742 
040 |c ARCE Library 
050 4 |a DT54 .R44 2008 
100 1 |a Rees, Joan,   |d 1923-,   |e author 
240 1 0 |a Writings on the Nile. 
245 1 0 |a Women on the Nile :   |b writings of Harriet Martineau, Florence Nightingale and Amelia Edwards /   |c Joan Rees.  |h   
264 1 |a London:  |b Rubicon Press,  |c c2008. 
300 |a viii, 188 p. :   |b ill. ;   |c 22 cm. 
500 |a First published in 1995 as Writings on the Nile. 
504 |a Includes bibliographical references (p. 183-185) and indexes. 
600 1 0 |a Martineau, Harriet,   |d 1802-1876   |x Travel   |z Egypt. 
600 1 0 |a Nightingale, Florence,   |d 1820-1910   |x Travel   |z Egypt. 
600 1 0 |a Edwards, Amelia B.,   |d 1831-1892   |x Travel   |z Egypt. 
651 0 |a Egypt   |x Description and travel. 
901 |a reviewed 
942 |2 lcc  |c BK 
999 |c 41154  |d 41154